| 000 | 00867nam a22001817a 4500 | ||
|---|---|---|---|
| 999 |
_c533024 _d533024 |
||
| 003 | NUST | ||
| 020 | _a9780141978149 | ||
| 038 | _aMuhammad Ibrahim | ||
| 040 | _a0 | ||
| 082 |
_a954.03 _bTHA 2016 |
||
| 100 |
_aTharoor, Shashi, _926699 |
||
| 245 |
_aInglorious empire _bWhat the British did to India _c Shashi Tharoor |
||
| 260 |
_aLondon _bPenguin books _c2016 |
||
| 300 |
_a295 p, _c19 cm |
||
| 505 | _aThe looting of India -- Did the British give India political unity? -- Democracy, the press, the parliamentary system and the rule of law -- Divide et impera -- The myth of enlightened despotism -- The remaining case for empire -- The (im)balance sheet: a coda -- The messy afterlife of colonialism. | ||
| 650 | _2 Imperialismo. India -- Historia -- Ocupación británica, 1765-1947. Gran Bretaña -- Relaciones exteriores -- India | ||
| 942 |
_2ddc _cBK |
||